Animals that Start with Q - Statistics

General Stats
  • This quiz has been taken 597 times
  • The average score is 3 of 9
Answer Stats
Hint Answer % Correct
A game bird Quail
93%
Mollusc that shares its name with the town in Family Guy Quahog
45%
Beautiful green bird found in Central and South America Quetzal
36%
A small, kangaroo-like marsupial Quokka
33%
An extinct subspecies of plains zebra Quagga
29%
Breed of Horse that is bred for sprinting Quarter Horse
25%
Carnivorous marsupial found in Australia and New Guinea Quoll
20%
Species of snake closely related to Garter Snakes Queen Snake
12%
Snake that gets its name from its pointed nose Quill-nosed Snake
2%
No matching quizzes found
Score Distribution
Percent of People with Each Score
Percentile by Number Answered
Your Score History
You have not taken this quiz